| 000 | 00803nam a2200229Ii 4500 | ||
|---|---|---|---|
| 003 | JO-AjNU | ||
| 008 | 230605s9999||||xx |||||||||||||| ||und|| | ||
| 017 | _a1983/3288 | ||
| 020 | _a977-103-075-2 | ||
| 040 |
_aJO-AjNU _bara _erda _cJO-AjNU |
||
| 041 | _aara | ||
| 050 | 1 | 4 | _aHC415.3.S5278.1983 |
| 100 | 3 |
_aالشامي،صلاح الدين علي, _eauthor _915238 |
|
| 245 | 0 | 0 | _aالواقع الاقتصادي العربي قبل الاسلام رؤية جغرافية عصرية |
| 264 | 3 | 1 | _aالاسكندرية:منشاة المعارف،1983 |
| 300 | _a271ص | ||
| 336 |
_atext _btxt _2rdacontent |
||
| 337 |
_aunmediated _bn _2rdamedia |
||
| 338 |
_avolume _bnc _2rdacarrier |
||
| 490 | 0 | _aالكتب الجغرافية؛63 | |
| 650 | 4 |
_aاقتصاد-عالم عربي-جاهلية _915239 |
|
| 999 |
_aA4256 _c7824 _d7824 |
||